| 000 | 01070nam a2200253Ia 4500 | ||
|---|---|---|---|
| 001 | 264-SCH al sa (15775) | ||
| 003 | IT-MiSPE | ||
| 008 | 171229s9999||||xx |||||||||||||| ||und|| | ||
| 040 |
_aIT-MiSPE _cIT-MiSPE |
||
| 041 | _aITALIANO | ||
| 100 | _aAlfredo Idefonso Schuster | ||
| 245 | 0 |
_aLa sacra liturgia _bIl cuore della Chiesa orante |
|
| 250 | _a1a ed. (v) | ||
| 260 |
_aCasale Monf. (AL) _bPiemme _c1996 |
||
| 300 |
_a227 p. _c19 cm |
||
| 490 |
_aTriangoli _v28 |
||
| 501 | _aEdizioni San Paolo srl - Piazza Soncino, 5 - 20092 CINISELLO BALSAMO (MI) (non commercial uses only) ® Copyright 2018 | ||
| 520 | _aGiacomo Biffi (pres.) | ||
| 700 | _aGiacomo Biffi | ||
| 700 | _aInos Biffi | ||
| 942 | _cBK | ||
| 957 | _71 | ||
| 999 |
_a2152 _bNO _g Copie: 1 _c344940 _d344940 |
||